ロード中...

History of humanity: scientific and cultural development (v.3 ) : from the seventh century bc to the seventh century ad/

書誌詳細
その他の著者: Erik Zurcher (ed.), Joachin Herrmann (ed.)
フォーマット: Printed Book
出版事項: 1996.
主題:
LEADER 00639nam a22001571a 4500
020 |a 9780415093071 
082 |a 001.309  |b JOA/H 
245 |a History of humanity: scientific and cultural development (v.3 ) :   |b from the seventh century bc to the seventh century ad/  |c by Joachin Herrmann (ed.) 
260 |c 1996.  |a    |b   
300 |a 626p.. 
650 |a Humanity History  |9 120063 
700 |a Erik Zurcher (ed.)  |9 120064 
700 |a Joachin Herrmann (ed.)  |9 120065 
942 |c BK 
999 |c 18170  |d 18170 
952 |0 0  |1 0  |4 0  |6 R_001_309000000000000_JOA_H  |7 0  |9 25619  |a SSUS  |b SSUS  |d 2015-01-08  |g 7240.00  |o R 001.309 JOA/H  |p 007981  |r 2015-01-08  |v 0.00  |w 2015-01-08  |y REF